000 00692nam a2200205Ia 4500
003 GCL
008 140319s9999 xx 000 0 ara d
040 _aGCL /
_cGCL
082 0 4 _a530
_bم ف
100 1 _aمحمد عبدالمقصود الجمال
245 1 0 _aالفيزياء التطبيقية I الكهرباء والمغناطيسية والضوء /
_cمحمد عبدالمقصود الجمال
260 _a[S.N] :
_bدار الراتب الجامعية ،
_c1989
490 _a
650 0 4 _aالضوء
650 0 4 _aالكهرباء
650 0 4 _aالفيزياء
650 0 4 _aالفيزياء التطبيقية
650 0 4 _aالمغناطيسية
942 _2ddc
_cBK
999 _c42064
_d42064